000 00485cam a22001814a 4500
005 20250605164039.0
008 250528s ||||||||||||||||||||||||d
035 _a16945
040 _aGR-AtMCL
_bgre
_dGR-AtMCL
_eAACR2
245 1 _aΠάντα Καλά / Αισθηματικό Μυθιστόρημα
250 _a
260 _bΚαστανιώτη,
_c1998
300 _a400
700 1 _aΜάτεις Παύλος
_93041
942 _cBK
999 _c2389
_d2389